Statistics for Guess The AFL player by the clubs they have been to

Click here to take the quiz!

General Stats

  • This quiz has been taken 96 times
  • The average score is 10 of 15

Answer Stats

HintAnswer% Correct
Carlton - Adelaide - CarltonEddie Betts
82%
Sydney - Hawthorn - CollingwoodTom Mitchell
81%
Geelong - Gold Coast - GeelongGary Ablett
79%
Hawthorn - SydneyLance Franklin
79%
GWS - Collingwood - Western BullgogsAdam Treloar
74%
Adelaide - GeelongPatrick Dangerfield
74%
Gold Coast - St Kilda - West Coast - SydneyTom Hickey
68%
Western Bulldogs - North Melbourne - GeelongShaun Higgins
56%
Port Adelaide - Adelaide - CollingwoodBilly Frampton
54%
Adelaide - Gold Coast - North MelbourneHugh Greenwood
54%
Richmond - Adelaide - GeelongTyson Stengle
54%
Colingwood - Brisbane - CollinwgoodDayne Beams
53%
Richmond - Gold Coast - CollingwoodOleg Markov
53%
Gold Coast - Geelong - RichmondJosh Caddy
49%
St Kilda - SydneyTony Lockett
42%

Score Distribution

Percentile by Number Answered

Percent of People with Each Score

Your Score History

You have not taken this quiz